000 00827nam a22002777a 4500
001 0074
003 DO-SdBNP
005 20180119091336.0
007 0074
008 151015b sp 1972 xxu||||| |||| 00| 0 spa d
040 _aBPMSU
_bspa
_cBPMSU
092 _axxxxxxxx
_bxxxxxxxx
100 1 0 _aBlyton, Enid
240 1 0 _aFive get into trouble /
_leng
245 1 4 _aLos cinco se ven en apuros /
_cEnid Blyton ; traducción Judith Peco de Danon ; ilustraciones José Correas
250 _a4a ed.
260 _aBarcelona, España :
_bJuventud,
_c1972
300 _a160 p. :
_bil.
_c20 cm.
490 _aLos cinco
_v29
700 1 0 _aPeco Danon, Judith de,
_etr.
700 1 0 _aCorreas, José,
_eil.
830 _aLos cinco
_n29
942 _2ddc
_cBK
945 _aInventariado, 2018 / YL
956 _aBrenda Tavárez
_b10
_cBPMSU
999 _c8389
_d8389